|
|
|
|
| LEADER |
00000nam0a2200000 4500 |
| 001 |
165626 |
| 005 |
20231101222550.0 |
| 010 |
|
|
|a 9785394000928
|
| 035 |
|
|
|a (RuTPU)RU\TPU\book\179667
|
| 090 |
|
|
|a 165626
|
| 100 |
|
|
|a 20090921d2010 m y0rusy50 ca
|
| 101 |
0 |
|
|a rus
|
| 102 |
|
|
|a RU
|
| 105 |
|
|
|a y j 001zy
|
| 200 |
1 |
|
|a Налогообложение организаций финансового сектора экономики
|e учебное пособие
|f под ред. Е. Б. Шуваловой
|
| 210 |
|
|
|a Москва
|c Дашков и К
|d 2010
|
| 215 |
|
|
|a 176 с.
|
| 320 |
|
|
|a Библиогр.: с. 173-175.
|
| 330 |
|
|
|a Настоящее учебное пособие подготовлено в соответствии с Государственным образовательным стандартом высшего профессионального образования по учебной дисциплине «Налогообложение организаций финансового сектора экономики». В нем излагаются теория и практика налогообложения коммерческих банков и страховых организаций. Рассмотрены роль, обязанности, ответственность коммерческих банков как участников налоговых отношений, особенности их налогообложения, а также вопросы налогообложения в страховом деле. Особое внимание уделено порядку налогообложения коммерческих банков, операций с ценными бумагами. Для студентов, магистров и аспирантов экономических специальностей, преподавателей вузов, специализирующихся в области финансов и налогов.
|
| 606 |
1 |
|
|a Налогообложение
|2 stltpush
|3 (RuTPU)RU\TPU\subj\36473
|9 57839
|
| 610 |
1 |
|
|a финансы
|
| 610 |
1 |
|
|a налоги
|
| 610 |
1 |
|
|a налоговые отношения
|
| 610 |
1 |
|
|a коммерческие банки
|
| 610 |
1 |
|
|a доходы
|
| 610 |
1 |
|
|a расходы
|
| 610 |
1 |
|
|a налоговая база
|
| 610 |
1 |
|
|a налог на добавленную стоимость
|
| 610 |
1 |
|
|a раздельный учет
|
| 610 |
1 |
|
|a налог на имущество
|
| 610 |
1 |
|
|a налог на доходы физических лиц
|
| 610 |
1 |
|
|a исчисление
|
| 610 |
1 |
|
|a ценные бумаги
|
| 610 |
1 |
|
|a срочные сделки
|
| 610 |
1 |
|
|a государственные ценные бумаги
|
| 610 |
1 |
|
|a векселя
|
| 610 |
1 |
|
|a РЕПО
|
| 610 |
1 |
|
|a страховое дело
|
| 610 |
1 |
|
|a транспортный налог
|
| 610 |
1 |
|
|a земельный налог
|
| 610 |
1 |
|
|a единый социальный налог
|
| 610 |
1 |
|
|a учебные пособия
|
| 686 |
|
|
|a У9(2)261.4я73
|v LBC/SL-A
|2 rubbk
|
| 702 |
|
1 |
|a Шувалова
|b Е. Б.
|4 340
|
| 801 |
|
1 |
|a RU
|b 63413507
|c 20090921
|
| 801 |
|
2 |
|a RU
|b 63413507
|c 20210421
|g RCR
|
| 900 |
|
|
|a Налоги и налогообложение
|
| 942 |
|
|
|c BK
|
| 951 |
|
|
|b 080503
|
| 959 |
|
|
|a 97/20090921
|d 2
|e 99,00
|f АНЛ:1
|f ЧЗГЛ:1
|